Statistics for Capital cities that start and end with the same letter

Click here to take the quiz!

General Stats

  • This quiz has been taken 75 times
  • The average score is 7 of 13

Answer Stats

Capital% Correct
Oslo
77%
Addis Ababa
72%
Ankara
69%
Accra
66%
Astana
64%
Abuja
63%
Asmara
61%
Warsaw
61%
Andorra La Vella
59%
Apia
50%
Tashkent
42%
St George's
31%
St John's
31%

Score Distribution

Percentile by Number Answered

Percent of People with Each Score

Your Score History

You have not taken this quiz